000
00297nam a22001457a 4500
008
230414b ||||| |||| 00| 0 eng d
020
_a
9780810935600
041
_a
eng
080
_a
7
082
_a
7HAR
100
_a
21
101
_a
ART
245
_a
LOST LHASA
_c
HARRER.H
942
_2
udc
_c
BK
999
_c
59545
_d
59545